| 000 | 00873nam a2200253 a 4500 | ||
|---|---|---|---|
| 001 | BRCA_4585 | ||
| 005 | 20190320204727.0 | ||
| 008 | 240910s1915----nyua######---#000-0#eng-# | ||
| 041 | _aeng | ||
| 044 | _anyu | ||
| 050 | 4 |
_aNK8262 _b.B96 1915 |
|
| 100 | 1 |
_aByne, Arthur _911595 |
|
| 245 | 1 | 0 |
_aSpanish Ironwork _cby Arthur Byne and Mildred Stapley. |
| 260 |
_aNueva York _bThe Hispanic Society of America _c1915 |
||
| 300 |
_axix, 143 p. _bil. _c22 cm. |
||
| 440 | 0 |
_aHispanic Society Publications _v89 _911596 |
|
| 500 | _aIncluye índice de ilustraciones, índice analítico y un catálogo de los herrajes en la colección de la Sociedad Hispánica de América | ||
| 500 | _aEstado físico: encuadernación desprendida y deteriorada | ||
| 500 | _aD22 | ||
| 650 | 1 | 4 |
_aHerrajes _zEspaña _911597 |
| 700 | 1 |
_aStapley, Mildred _97610 |
|
| 902 | _aGFM | ||
| 942 |
_2lcc _cB |
||
| 999 |
_c4290 _d4290 |
||